| 000 | 01058nam a2200253 a 4500 | ||
|---|---|---|---|
| 001 | 78497 | ||
| 003 | BD-RjUL | ||
| 005 | 20211209083133.0 | ||
| 008 | 210928s2006 bg a|||| m||| 00| 0 eng d | ||
| 035 | _a(BD-RjUL)78723 | ||
| 040 |
_aBD-RjUL _beng _cBD-RjUL _dBD-RjUL |
||
| 041 | _aeng | ||
| 082 |
_a519.54 _bSHM 2006 _223 |
||
| 100 |
_aSharker, Md. Abu Yushuf _9248595 |
||
| 245 |
_aModeling of Development and Carbon Dioxide Emission in Bangladesh : _bA Bootstrap Approach / _cMd. Abu Yushuf Sharker ; _6Principal Supervisor : M. Nasser ; Co-Supervisor : M. A. Razzaque |
||
| 260 |
_aRajshahi : _bDepartment of Statistics, University of Rajshahi, _c2006 |
||
| 300 |
_axvii, 188 Leaves : _bill. ; _c29 cm. |
||
| 502 | _aThesis (M. Phil.) -- Department of Statistics, University of Rajshahi, 2006 | ||
| 504 | _aBibliography : Leaves 171-188 | ||
| 650 |
_aCarbon dioxide mitigation _zBangladesh. _xStatistical Inference _9248770 |
||
| 700 |
_aNasser, M., Principal Supervisor _9248597 |
||
| 700 |
_aRazzaque, M. A., Co-Supervisor _9248598 |
||
| 942 |
_2ddc _cTHE |
||
| 999 |
_c78497 _d78497 |
||